Data and computer communications / (Record no. 4337)

MARC details
000 -LEADER
fixed length control field 00622 a2200205 4500
005 - DATE AND TIME OF LATEST TRANSACTION
control field 20180924123033.0
010 ## - LCCN (DPL NO)
LC control number ENG-86245
020 ## - INTERNATIONAL STANDARD BOOK NUMBER
International Standard Book Number 9788120330788
Terms of availability 395.00
035 ## - SYSTEM CONTROL NUMBER
System control number EN-69778, A-933813
037 ## - SOURCE OF ACQUISITION
Source of stock number/acquisition DBAD / PUB
082 14 - DEWEY DECIMAL CLASSIFICATION NUMBER
Classification number 004.6
100 ## - MAIN ENTRY--PERSONAL NAME
Personal name Stalling, William
245 1# - TITLE STATEMENT
Title Data and computer communications /
Statement of responsibility, etc by William Stallings
250 ## - EDITION STATEMENT
Edition statement 8th ed.
260 ## - PUBLICATION, DISTRIBUTION, ETC. (IMPRINT)
Place of publication, distribution, etc New Delhi
Name of publisher, distributor, etc Prentice-Hall of India
Date of publication, distribution, etc 1997
270 ## - ADDRESS
Address M-97, Connaught Circus
City New Delhi
State or province New Delhi
Postal code 110 001
300 ## - PHYSICAL DESCRIPTION
Extent xvii, 798p.
Dimensions 25cm. (Pbk)
500 ## - GENERAL NOTE
General note Includes index
942 ## - ADDED ENTRY ELEMENTS (KOHA)
Institution code [OBSOLETE] dpl
Item type English Books
Source of classification or shelving scheme Dewey Decimal Classification
Classification part 004.6
Call number suffix STA
Holdings
Withdrawn status Lost status Not for loan Collection code Home library Current library Source of acquisition Cost, normal purchase price Full call number Barcode Copy number Cost, replacement price Koha item type Date acquired
    Not For Loan Non-fiction D.B.Act.Division D.B.Act.Division DBAD/PUB 395.00 004.6 STA EN-69778 1 395.00 English Books  
      Non-fiction Shahdara Branch Shahdara Branch BPPD/PUB 250.00 004 STA A-933813   250.00 English Books 25/08/2018

© Delhi Public Library
Hit Counter
free hit counter